Vogel's qualitative inorganic analysis 7th ed (Record no. 826464)

MARC details
000 -LEADER
fixed length control field 00636nam a2200229Ia 4500
008 - FIXED-LENGTH DATA ELEMENTS--GENERAL INFORMATION
fixed length control field 101110s9999 xx 000 0 und d
041 ## - LANGUAGE CODE
Language code of text/sound track or separate title ENGLISH
082 ## - DEWEY DECIMAL CLASSIFICATION NUMBER
Item number SR33963
100 ## - MAIN ENTRY--PERSONAL NAME
Personal name Svehla G.
245 ## - TITLE STATEMENT
Title Vogel's qualitative inorganic analysis 7th ed
260 ## - PUBLICATION, DISTRIBUTION, ETC. (IMPRINT)
Date of publication, distribution, etc 2006
Name of publisher, distributor, etc Pearson education, Noida
300 ## - PHYSICAL DESCRIPTION
Extent 359
365 ## - TRADE PRICE
Price amount 299
520 ## - SUMMARY, ETC.
Summary, etc Mathematics
520 ## - SUMMARY, ETC.
Summary, etc UGC XIth Five Year Plan 2009-2010
546 ## - LANGUAGE NOTE
Language note ENGLISH
630 ## - SUBJECT ADDED ENTRY--UNIFORM TITLE
Uniform title Vogel's qualitative inorganic analysis 7th ed
650 ## - SUBJECT ADDED ENTRY--TOPICAL TERM
Topical term or geographic name as entry element Mathematics
655 ## - INDEX TERM--GENRE/FORM
Genre/form data or focus term Mathematics
730 ## - ADDED ENTRY--UNIFORM TITLE
Uniform title Vogel's qualitative inorganic analysis 7th ed
942 ## - ADDED ENTRY ELEMENTS (KOHA)
Koha item type Book
Holdings
Withdrawn status Lost status Damaged status Not for loan Home library Current library Date acquired Source of acquisition Cost, normal purchase price Shelving control number Total Checkouts Barcode Date last seen Price effective from Koha item type
        D. B. J. College, Chiplun D. B. J. College, Chiplun   Yogesh prakashan, Pune, Bill No. 5214 dt.28/3/10 299.00     DBJSR33963 11/11/2010 11/11/2010 Book